000 00494nam a22001697a 4500
005 20251108171048.0
008 250721s2002 xx 000 0 ara d
082 1 4 _a811.9567/جحا
100 1 _aحجاف، علي عبد الرحمن
245 1 0 _aرياحين آذار :
_bشعر /
264 1 _aصنعاء :
_bمكتبة الإمام علي بن زيد،
_c2002.
300 _a229ص.
650 1 7 _aالشعر العربي
650 1 7 _aاليمن
942 _2ddc
_cBK
999 _c55630
_d55630